[Event "RUS-ch Higher League (Women) 75th"]
[Site "Lipetsk"]
[Date "2025.07.05"]
[Round "9"]
[White "Kuznetsova, Marina"]
[Black "Sukhareva, Evgenia"]
[Result "1-0"]
[WhiteElo "2091"]
[BlackElo "2127"]
[PlyCount "77"]
[EventDate "2025.06.26"]
[EventType "swiss"]
[EventRounds "9"]
[EventCountry "RUS"]
[SourceTitle "CB28_2025"]
[SourceDate "2025.07.09"]
[SourceVersion "1"]
[SourceVersionDate "2025.07.09"]
[SourceQuality "1"]

1. e4 g6 2. d4 Bg7 3. Nc3 d6 4. Be3 a6 5. Qd2 Nd7 6. 0-0-0 b5 7. h4 h5 8. Nh3 Bb7 9. Ng5 Ngf6 10. f3 e6 11. Kb1 Nb6 12. Qf2 Qe7 13. Bd3 Rc8 14. d5 exd5 15. e5 dxe5 16. Bc5 Qd7 17. Rhe1 Nh7 18. Rxe5+ Bxe5 19. Qe3 Kd8 20. Qxe5 Re8 21. Qf4 f5 22. g4 hxg4 23. fxg4 b4 24. Nxh7 Qxh7 25. gxf5 bxc3 26. fxg6 Qg7 27. Bf5 Nd7 28. Bd4 Qe7 29. h5 Rb8 30. h6 Qe2 31. Bg4 Qe7 32. h7 Bc6 33. Bxc3 Qh4 34. Qd4 Ne5 35. Bf5 Qh5 36. Rf1 Qe2 37. Re1 Qh2 38. g7 Qh5 39. g8Q 1-0

[Event "RUS-ch Higher League (Women) 75th"]
[Site "Lipetsk"]
[Date "2025.07.03"]
[Round "7"]
[White "Kuznetsova, Marina"]
[Black "Popenkova, Varvara"]
[Result "1-0"]
[WhiteElo "2091"]
[BlackElo "1933"]
[PlyCount "181"]
[EventDate "2025.06.26"]
[EventType "swiss"]
[EventRounds "9"]
[EventCountry "RUS"]
[SourceTitle "CB28_2025"]
[SourceDate "2025.07.09"]
[SourceVersion "1"]
[SourceVersionDate "2025.07.09"]
[SourceQuality "1"]

1. e4 c6 2. d4 d5 3. e5 c5 4. Nf3 e6 5. c3 Nc6 6. Bd3 Bd7 7. 0-0 Rc8 8. dxc5 Bxc5 9. b4 Be7 10. Na3 a6 11. b5 Na7 12. bxa6 bxa6 13. Bxa6 Rxc3 14. Nb1 Rc7 15. Be3 Bc5 16. Nd4 Ne7 17. Nd2 Qa8 18. Rc1 Bb6 19. Nxe6 fxe6 20. Bxb6 Rxc1 21. Qxc1 Nac6 22. Be2 0-0 23. Qc3 Ng6 24. g3 Ngxe5 25. f4 Ng6 26. Ra1 Rb8 27. Bc5 Qa4 28. Nb3 Rc8 29. Bg4 Qa6 30. a4 Nd8 31. Qe3 Nb7 32. Be2 Qa8 33. Bd4 Ne7 34. Bd3 Nc6 35. Bb5 Nd6 36. Bb2 Nf5 37. Qf2 Be8 38. Nc5 Nb4 39. Bxe8 Rxe8 40. g4 Nd6 41. Qd4 Qa7 42. Qxb4 Rb8 43. Qd4 Rxb2 44. Qxb2 Qxc5+ 45. Qf2 Qc3 46. Rb1 Ne4 47. Qb6 Kf7 48. f5 exf5 49. gxf5 Nc5 50. Qc7+ Kf6 51. Qd6+ Kg5 52. Qxd5 Qe3+ 53. Kh1 Kh4 54. f6 Ne4 55. Qf5 Nf2+ 56. Kg2 Ng4 57. Qxh7+ Kg5 58. Qxg7+ Kh4 59. Qh7+ Nh6 60. Rb4+ Kh5 61. Rb5+ Kh4 62. Qe7 Qh3+ 63. Kg1 Qg4+ 64. Kf2 Qf4+ 65. Ke2 Qc4+ 66. Kd2 Qd4+ 67. Kc2 Qxa4+ 68. Rb3 Qc4+ 69. Kb2 Qd4+ 70. Rc3 Qd2+ 71. Kb3 Qd1+ 72. Kb4 Nf5 73. Qe5 Qd7 74. Rc4+ Kg5 75. Rc5 Qd2+ 76. Ka3 Qd3+ 77. Ka4 Qa6+ 78. Kb4 Qxf6 79. Qxf6+ Kxf6 80. Kc4 Kg5 81. Kd3 Kf4 82. Ke2 Nd4+ 83. Kf2 Ne6 84. Rc4+ Kg5 85. Kg3 Ng7 86. h4+ Kh5 87. Rc5+ Kg6 88. Kg4 Kh7 89. Rc6 Kg8 90. Kg5 Kh7 91. Rc7 1-0

[Event "RUS-chT (Women)"]
[Site "Sochi"]
[Date "2025.04.30"]
[Round "5.4"]
[White "Charochkina, Daria"]
[Black "Kuznetsova, Marina"]
[Result "1-0"]
[WhiteElo "2314"]
[BlackElo "2124"]
[PlyCount "65"]
[EventDate "2025.04.26"]
[EventType "team-swiss"]
[EventRounds "9"]
[EventCountry "RUS"]
[SourceTitle "CB19_2025"]
[SourceDate "2025.05.07"]
[SourceVersion "1"]
[SourceVersionDate "2025.05.07"]
[SourceQuality "1"]
[WhiteTeam "Moscow Sbornaya (W)"]
[BlackTeam "St Petersburg SSHOR (W)"]
[WhiteTeamCountry "RUS"]
[BlackTeamCountry "RUS"]

1. d4 Nf6 2. c4 e6 3. Nc3 Bb4 4. e3 0-0 5. Bd3 d5 6. cxd5 exd5 7. a3 Bd6 8. Qc2 a6 9. Nge2 Re8 10. Bd2 Nbd7 11. b4 b6 12. 0-0 Bb7 13. Rab1 Ne4 14. Bc1 Qh4 15. g3 Qh5 16. Nf4 Bxf4 17. exf4 Ndf6 18. f3 Nd6 19. g4 Qh4 20. Qf2 Qxf2+ 21. Kxf2 Rac8 22. f5 Nd7 23. Bf4 f6 24. a4 Kf7 25. Rfc1 Nb8 26. b5 axb5 27. Bxd6 cxd6 28. Nxb5 Ke7 29. Nc7 Bc6 30. Nxe8 Rxe8 31. Rxb6 Kd7 32. Bb5 Rc8 33. Rxb8 1-0

[Event "RUS-chT (Women)"]
[Site "Sochi"]
[Date "2025.04.26"]
[Round "1.4"]
[White "Isakova, Anna"]
[Black "Kuznetsova, Marina"]
[Result "1-0"]
[WhiteElo "1775"]
[BlackElo "2124"]
[PlyCount "77"]
[EventDate "2025.04.26"]
[EventType "team-swiss"]
[EventRounds "9"]
[EventCountry "RUS"]
[SourceTitle "CB19_2025"]
[SourceDate "2025.05.07"]
[SourceVersion "1"]
[SourceVersionDate "2025.05.07"]
[SourceQuality "1"]
[WhiteTeam "Voronezh (W)"]
[BlackTeam "St Petersburg SSHOR (W)"]
[WhiteTeamCountry "RUS"]
[BlackTeamCountry "RUS"]

1. d4 Nf6 2. c4 e6 3. Nc3 Bb4 4. e3 b6 5. Nge2 Ne4 6. Qc2 Bb7 7. a3 Bxc3+ 8. Nxc3 Nxc3 9. Qxc3 d6 10. b4 Qe7 11. Bb2 a6 12. Bd3 Nd7 13. 0-0 e5 14. c5 bxc5 15. bxc5 dxc5 16. dxe5 Rd8 17. Rad1 0-0 18. f4 Nb6 19. Qc2 h6 20. f5 Qg5 21. f6 Rxd3 22. Rxd3 Be4 23. fxg7 Re8 24. Qf2 Qg6 25. Rd2 Nd5 26. Rc1 Rb8 27. Rxc5 Rb3 28. e6 Qxe6 29. Qh4 Rb8 30. Rc4 f5 31. Qg3 Re8 32. Bd4 c6 33. Ra4 Qc8 34. Rb2 Rd8 35. Qg6 Ne7 36. Qxh6 f4 37. Qxf4 Bh7 38. Rf2 Ng6 39. Qf7# 1-0

[Event "RUS Cup tt (Women)"]
[Site "Sochi"]
[Date "2024.11.28"]
[Round "2.8"]
[White "Bragina, Anna"]
[Black "Kuznetsova, Marina"]
[Result "1/2-1/2"]
[WhiteElo "1762"]
[BlackElo "2032"]
[PlyCount "112"]
[EventDate "2024.11.27"]
[EventType "team-tourn"]
[EventRounds "7"]
[EventCountry "RUS"]
[SourceTitle "CB50_2024"]
[SourceDate "2024.11.01"]
[SourceVersion "1"]
[SourceVersionDate "2024.11.01"]
[SourceQuality "2"]
[WhiteTeam "Novosibirsk Region (W)"]
[BlackTeam "SSh po Shakhmatam (W)"]
[WhiteTeamCountry "RUS"]
[BlackTeamCountry "RUS"]

1. d4 Nf6 2. Nf3 d5 3. g3 e6 4. Bg2 b5 5. 0-0 Bb7 6. Nbd2 c5 7. dxc5 Bxc5 8. Nb3 Bb6 9. a4 bxa4 10. Rxa4 Nbd7 11. Bf4 Ne4 12. Ne5 g5 13. Rxe4 gxf4 14. Nxf7 Kxf7 15. Rxf4+ Nf6 16. e4 dxe4 17. Qh5+ Ke7 18. Qh4 Rf8 19. Bxe4 Bxe4 20. Rxe4 Kf7 21. Rf4 Kg8 22. Re1 Nd5 23. Rxf8+ Qxf8 24. Qg5+ Kh8 25. Qe5+ Qf6 26. Qxf6+ Nxf6 27. Rxe6 Ng4 28. c4 Bxf2+ 29. Kg2 Rb8 30. Nc1 Bd4 31. b3 Be3 32. Kf3 Bxc1 33. Kxg4 a5 34. Re5 Bd2 35. Rb5 Rxb5 36. cxb5 Be3 37. Kf5 Kg7 38. Ke6 Kg6 39. Ke5 Kg5 40. Ke4 Bg1 41. h3 h6 42. Kf3 Kf5 43. g4+ Ke5 44. h4 Kd5 45. g5 hxg5 46. hxg5 Bd4 47. Ke2 Kc5 48. Kd3 Bg7 49. b6 Kxb6 50. Kc4 Bf8 51. g6 Ka6 52. b4 a4 53. b5+ Ka5 54. b6 Kxb6 55. g7 Bxg7 56. Kb4 a3 1/2-1/2

[Event "Leninskiy Dokhoian Memorial Rapid"]
[Site "Leninskiy"]
[Date "2024.11.17"]
[Round "10"]
[White "Kuznetsova, Marina"]
[Black "Volkov, Maksim"]
[Result "0-1"]
[WhiteElo "2032"]
[BlackElo "2293"]
[PlyCount "112"]
[EventDate "2024.11.16"]
[EventType "swiss (rapid)"]
[EventRounds "11"]
[EventCountry "RUS"]
[SourceTitle "CB47_2024"]
[SourceDate "2024.11.20"]
[SourceVersion "1"]
[SourceVersionDate "2024.11.20"]
[SourceQuality "1"]

1. e4 c5 2. Nc3 d6 3. Nf3 Nf6 4. e5 dxe5 5. Nxe5 a6 6. Qe2 Qc7 7. b3 b5 8. Bb2 Bb7 9. a4 b4 10. Nd1 Nc6 11. Nxc6 Qxc6 12. Ne3 Qe6 13. Rg1 g6 14. g4 Bg7 15. 0-0-0 0-0 16. h4 Rfd8 17. h5 Ne4 18. Nc4 Bxb2+ 19. Nxb2 Qf6 20. Bg2 Rd4 21. g5 Qf4 22. Qe3 Qxe3 23. fxe3 Rd7 24. Nc4 Rad8 25. hxg6 hxg6 26. Bxe4 Bxe4 27. d3 Bf5 28. Rd2 Kg7 29. e4 Be6 30. Ne5 Rc7 31. Rf2 Rcc8 32. Rgf1 Rf8 33. Rg1 Rh8 34. Rgf1 Rcf8 35. Nc6 Rh5 36. Rg1 Re8 37. Kb2 f6 38. Nxe7 Rxg5 39. Rxg5 fxg5 40. Nc6 g4 41. Rg2 Kf6 42. d4 cxd4 43. Nxd4 Bd7 44. Re2 Ke5 45. c3 Rc8 46. Nc2 bxc3+ 47. Kc1 g3 48. Rg2 Kf4 49. e5 Rh8 50. Nd4 Rh1+ 51. Kc2 Rh2 52. Ne2+ Kxe5 53. Rxg3 Rxe2+ 54. Kxc3 Bf5 55. Kb4 Kf4 56. Rc3 g5 0-1

[Event "Chigorin Memorial 31st"]
[Site "St Petersburg"]
[Date "2024.10.30"]
[Round "5"]
[White "Filippov, Kirill P"]
[Black "Kuznetsova, Marina"]
[Result "1/2-1/2"]
[WhiteElo "2232"]
[BlackElo "2032"]
[PlyCount "120"]
[EventDate "2024.10.26"]
[EventType "swiss"]
[EventRounds "9"]
[EventCountry "RUS"]
[SourceTitle "CB45_2024"]
[Source "ChessBase"]
[SourceDate "2024.11.06"]
[SourceVersion "1"]
[SourceVersionDate "2024.11.06"]
[SourceQuality "1"]

1. c4 e5 2. Nc3 Bb4 3. Nd5 Bc5 4. Nf3 c6 5. Nc3 d6 6. d4 exd4 7. Nxd4 Nf6 8. Nb3 Bb4 9. Bd2 0-0 10. e3 Bf5 11. Be2 Bxc3 12. Bxc3 Ne4 13. Rc1 Nd7 14. 0-0 Nxc3 15. Rxc3 Nf6 16. Bd3 Bd7 17. e4 Re8 18. Re1 a5 19. Bc2 a4 20. Nd4 Qb6 21. Qd2 Re5 22. h3 Rae8 23. Rce3 Qc5 24. Nf3 R5e7 25. Qd4 Be6 26. Qxc5 dxc5 27. e5 Nd7 28. Bd3 h6 29. Nd2 Nb6 30. f4 Rd8 31. Ne4 Nxc4 32. Bxc4 Bxc4 33. a3 Rd4 34. g3 b6 35. Nd6 Rd7 36. f5 Bd5 37. Nc8 Rd8 38. Nxb6 Rb8 39. Nxd5 cxd5 40. e6 fxe6 41. fxe6 Rd2 42. e7 Re8 43. Re5 Rxb2 44. Rxd5 Rb7 45. Rxc5 Rbxe7 46. Rxe7 Rxe7 47. Rc4 Re3 48. Rxa4 Rxg3+ 49. Kh2 Rb3 50. h4 g5 51. h5 Kg7 52. Ra6 g4 53. Kg2 Kf7 54. a4 Ra3 55. a5 Kf8 56. Ra7 Kg8 57. Kf2 Kh8 58. Ra6 Kh7 59. Kg2 Rh3 60. Ra7+ Kg8 1/2-1/2

[Event "Chigorin Memorial 31st"]
[Site "St Petersburg"]
[Date "2024.10.27"]
[Round "2"]
[White "Kuznetsova, Marina"]
[Black "Yatsyshin, Aleksandr"]
[Result "0-1"]
[WhiteElo "2032"]
[BlackElo "1726"]
[PlyCount "128"]
[EventDate "2024.10.26"]
[EventType "swiss"]
[EventRounds "9"]
[EventCountry "RUS"]
[SourceTitle "CB45_2024"]
[Source "ChessBase"]
[SourceDate "2024.11.06"]
[SourceVersion "1"]
[SourceVersionDate "2024.11.06"]
[SourceQuality "1"]

1. e4 c5 2. Nf3 d6 3. d4 cxd4 4. Nxd4 Nf6 5. Nc3 g6 6. Be3 Bg7 7. f3 0-0 8. Qd2 Nc6 9. 0-0-0 d5 10. exd5 Nxd5 11. Nxc6 bxc6 12. Bd4 e5 13. Bc5 Re8 14. Ne4 Qc7 15. h4 Be6 16. h5 f5 17. Ng5 e4 18. fxe4 fxe4 19. hxg6 Qe5 20. Bd4 e3 21. Qxe3 Nxe3 22. Bxe5 Bxe5 23. gxh7+ Kg7 24. h8Q+ Rxh8 25. Nxe6+ Kf6 26. Rxh8 Rxh8 27. Nc5 Bxb2+ 28. Kxb2 Nxd1+ 29. Kb3 Ne3 30. Bd3 Ke5 31. Kc3 Kd5 32. Ne4 Rh4 33. Nf6+ Ke6 34. g3 Ra4 35. Kb3 Rd4 36. Ne4 Ke5 37. Nc3 Rg4 38. Ne2 Nf1 39. Kc3 Nxg3 40. Nxg3 Rxg3 41. Kc4 Kd6 42. Kd4 Rg4+ 43. Kc3 Kc5 44. Bf5 Rg3+ 45. Bd3 a5 46. a3 a4 47. Kb2 Kd4 48. Bf5 Rc3 49. Bd7 Rc5 50. Be8 Rb5+ 51. Kc1 Kc5 52. Bd7 Rb8 53. Be6 Rd8 54. Bg4 Kd4 55. Bf3 Rd6 56. Kb2 c5 57. Bh5 Rb6+ 58. Kc1 Kc3 59. Bd1 Rg6 60. Kb1 Rg1 61. Ka2 Re1 62. Bg4 Kxc2 63. Bd7 Kd2 64. Bxa4 c4 0-1

[Event "RUS-chT Rapid (Women)"]
[Site "Sochi"]
[Date "2024.10.19"]
[Round "8.9"]
[White "Kuznetsova, Marina"]
[Black "Tarasenka, Aliaksandra"]
[Result "1/2-1/2"]
[WhiteElo "2032"]
[BlackElo "2144"]
[PlyCount "71"]
[EventDate "2024.10.18"]
[EventType "team-swiss (rapid)"]
[EventRounds "9"]
[EventCountry "RUS"]
[SourceTitle "CB43_2024"]
[Source "Chessbase"]
[SourceDate "2024.10.23"]
[SourceVersion "1"]
[SourceVersionDate "2024.10.23"]
[SourceQuality "1"]
[WhiteTeam "St Petersburg SSHOR (W) II"]
[BlackTeam "Belarus (W)"]
[WhiteTeamCountry "RUS"]
[BlackTeamCountry "BLR"]

1. e4 c5 2. Nf3 e6 3. Nc3 Nc6 4. d4 cxd4 5. Nxd4 Nf6 6. Ndb5 Bb4 7. a3 Bxc3+ 8. Nxc3 d5 9. Bd3 dxe4 10. Nxe4 Nxe4 11. Bxe4 Qxd1+ 12. Kxd1 Bd7 13. Kd2 0-0-0 14. Kc3 f5 15. Bxc6 Bxc6 16. Re1 Rhe8 17. Bf4 Rd5 18. Re5 g5 19. Rxd5 Bxd5 20. Bxg5 Rg8 21. h4 Bxg2 22. Kd4 h6 23. Bxh6 Rg4+ 24. Ke5 Re4+ 25. Kd6 Rxh4 26. Rg1 Rg4 27. Re1 Bd5 28. f4 b5 29. Re3 Rg2 30. Rc3+ Kb8 31. Kc5 Be4 32. Kxb5 Rxc2 33. Rxc2 Bxc2 34. b4 Kb7 35. Bg7 Bb3 36. Be5 1/2-1/2

[Event "RUS-ch Blitz (Women)"]
[Site "Sochi"]
[Date "2024.10.14"]
[Round "13"]
[White "Kuznetsova, Marina"]
[Black "Girya, Olga"]
[Result "1-0"]
[WhiteElo "2032"]
[BlackElo "2398"]
[PlyCount "29"]
[EventDate "2024.10.14"]
[EventType "swiss (blitz)"]
[EventRounds "13"]
[EventCountry "RUS"]
[SourceTitle "CB43_2024"]
[Source "Chessbase"]
[SourceDate "2024.10.23"]
[SourceVersion "1"]
[SourceVersionDate "2024.10.23"]
[SourceQuality "1"]

1. e4 e5 2. Nf3 Nc6 3. Nc3 Nf6 4. Bb5 Bb4 5. 0-0 0-0 6. Bxc6 dxc6 7. d3 Qe7 8. Ne2 Rd8 9. Ng3 Bd6 10. h3 Be6 11. Re1 Nd7 12. Nf5 Qe8 13. Ng5 f6 14. Nxe6 Qxe6 15. Qg4 1-0

[Event "Swiss Queens Wed #32"]
[Site "FIDE Online Arena INT"]
[Date "2024.09.04"]
[Round "2"]
[White "Garifullina, Leya"]
[Black "Kuznetsova, Marina"]
[Result "1-0"]
[WhiteElo "2438"]
[BlackElo "2032"]
[PlyCount "47"]
[EventDate "2024.09.04"]
[EventType "swiss (blitz)"]
[EventRounds "11"]
[EventCountry "NET"]
[SourceTitle "EXT 2025"]
[Source "ChessBase"]
[SourceDate "2024.10.14"]
[SourceVersion "1"]
[SourceVersionDate "2024.10.14"]
[SourceQuality "1"]

1. e4 c6 2. d4 d5 3. e5 Bf5 4. Nf3 e6 5. Be2 Ne7 6. 0-0 Bg6 7. Nbd2 c5 8. c4 cxd4 9. Nxd4 Nec6 10. N2f3 Nd7 11. cxd5 Nxd4 12. Nxd4 exd5 13. e6 fxe6 14. Nxe6 Qb6 15. Qxd5 Bf7 16. Bc4 Qxe6 17. Qxe6+ Bxe6 18. Bxe6 Bc5 19. Bf4 Rf8 20. Bg3 Rf6 21. Rfe1 Bb4 22. Re2 Nc5 23. Bc4+ Kf8 24. a3 1-0

[Event "Swiss Queens Wed #32"]
[Site "FIDE Online Arena INT"]
[Date "2024.09.04"]
[Round "7"]
[White "Kuznetsova, Marina"]
[Black "Kubicka, Anna"]
[Result "1-0"]
[WhiteElo "2032"]
[BlackElo "2259"]
[PlyCount "49"]
[EventDate "2024.09.04"]
[EventType "swiss (blitz)"]
[EventRounds "11"]
[EventCountry "NET"]
[SourceTitle "EXT 2025"]
[Source "ChessBase"]
[SourceDate "2024.10.14"]
[SourceVersion "1"]
[SourceVersionDate "2024.10.14"]
[SourceQuality "1"]

1. e4 c5 2. Nc3 g6 3. d4 Bg7 4. dxc5 Na6 5. Be3 Bxc3+ 6. bxc3 Qc7 7. Qd4 e5 8. Qd6 Qxd6 9. cxd6 Nf6 10. f3 b6 11. a4 Bb7 12. a5 Nc5 13. Rb1 Na4 14. Ne2 0-0 15. Rb4 Bc6 16. axb6 axb6 17. Kd2 Rfb8 18. Nc1 Ne8 19. Nd3 f6 20. Nb2 Nxd6 21. Nxa4 Rxa4 22. Rxb6 Rxb6 23. Bxb6 Ra1 24. Bc5 Nc4+ 25. Bxc4+ 1-0

[Event "Swiss Queens Wed #32"]
[Site "FIDE Online Arena INT"]
[Date "2024.09.04"]
[Round "11"]
[White "Kuznetsova, Marina"]
[Black "Nikolova, Adriana"]
[Result "1-0"]
[WhiteElo "2032"]
[BlackElo "2179"]
[PlyCount "109"]
[EventDate "2024.09.04"]
[EventType "swiss (blitz)"]
[EventRounds "11"]
[EventCountry "NET"]
[SourceTitle "EXT 2025"]
[Source "ChessBase"]
[SourceDate "2024.10.14"]
[SourceVersion "1"]
[SourceVersionDate "2024.10.14"]
[SourceQuality "1"]

1. e4 c5 2. Nc3 Nc6 3. Bb5 Nd4 4. Nf3 Nxb5 5. Nxb5 a6 6. Nc3 e6 7. d4 cxd4 8. Qxd4 Qc7 9. Be3 d6 10. a4 Ne7 11. a5 Nc6 12. Qb6 Qxb6 13. Bxb6 Be7 14. 0-0 Nb4 15. Rfc1 Bd7 16. Na2 Nxa2 17. Rxa2 Bc6 18. Nd2 d5 19. exd5 Bxd5 20. c4 Bc6 21. Nf3 Bxf3 22. gxf3 Kd7 23. b3 Kc6 24. Rd2 Bd8 25. Rcd1 Bxb6 26. Rd6+ Kc5 27. Rxb6 Rhd8 28. Rxd8 Rxd8 29. Rxb7 f5 30. Rb6 e5 31. Rxa6 Rd1+ 32. Kg2 Ra1 33. Re6 Kd4 34. a6 Ra3 35. Rb6 e4 36. fxe4 fxe4 37. b4 Kxc4 38. b5 Ra2 39. Kg3 g5 40. Rb7 h5 41. a7 Ra3+ 42. Kg2 Ra2 43. b6 e3 44. Rf7 e2 45. Re7 Kc5 46. Rxe2 Rxe2 47. a8Q Kxb6 48. Qd8+ Kc5 49. Qxg5+ Kd4 50. Qxh5 Re6 51. Qg4+ Ke5 52. Qxe6+ Kxe6 53. Kg3 Kf6 54. Kf4 Kg7 55. Kg5 1-0

[Event "Swiss Queens Wed #31"]
[Site "FIDE Online Arena INT"]
[Date "2024.08.28"]
[Round "2"]
[White "Kuznetsova, Marina"]
[Black "Arabidze, Meri"]
[Result "0-1"]
[WhiteElo "2069"]
[BlackElo "2457"]
[PlyCount "56"]
[EventDate "2024.08.28"]
[EventType "swiss (blitz)"]
[EventRounds "11"]
[EventCountry "NET"]
[SourceTitle "CBM 221 Extra"]
[Source "ChessBase"]
[SourceDate "2024.09.30"]
[SourceVersion "1"]
[SourceVersionDate "2024.09.30"]
[SourceQuality "1"]

1. e4 c5 2. Nc3 e6 3. Nf3 Nc6 4. Bb5 Nd4 5. 0-0 Be7 6. Nxd4 cxd4 7. Ne2 Qb6 8. a4 Nf6 9. d3 0-0 10. Bf4 d6 11. Bg3 e5 12. f4 Ng4 13. Qd2 a6 14. Bc4 Ne3 15. Rf2 Nxc4 16. dxc4 Qxb2 17. Raf1 f6 18. fxe5 dxe5 19. Qa5 Be6 20. Qc7 Rf7 21. Bxe5 Bf8 22. Bxd4 Qxc2 23. Qg3 Qxc4 24. Nf4 Bd6 25. Qe3 Re8 26. Nh5 Bg4 27. Nxg7 Rxg7 28. Bxf6 Bc5 0-1

[Event "Swiss Queens Wed #31"]
[Site "FIDE Online Arena INT"]
[Date "2024.08.28"]
[Round "11"]
[White "Rodriguez Rivero, Jinela de Cari"]
[Black "Kuznetsova, Marina"]
[Result "1-0"]
[WhiteElo "2141"]
[BlackElo "2069"]
[PlyCount "83"]
[EventDate "2024.08.28"]
[EventType "swiss (blitz)"]
[EventRounds "11"]
[EventCountry "NET"]
[SourceTitle "CBM 221 Extra"]
[Source "ChessBase"]
[SourceDate "2024.09.30"]
[SourceVersion "1"]
[SourceVersionDate "2024.09.30"]
[SourceQuality "1"]

1. e4 c6 2. d4 d5 3. e5 Bf5 4. Nd2 e6 5. Nb3 Nd7 6. Nf3 Qc7 7. Be2 c5 8. Nxc5 Bxc5 9. dxc5 Nxc5 10. c3 Ne7 11. 0-0 0-0 12. Bf4 Ng6 13. Bg3 Ne4 14. Qd4 Rfc8 15. Rfe1 Nxg3 16. hxg3 Be4 17. a4 Qc5 18. Qd2 a6 19. Bd3 Bxf3 20. gxf3 d4 21. Bxg6 dxc3 22. Bxf7+ Kxf7 23. bxc3 Rd8 24. Qf4+ Kg8 25. Qg4 Qc6 26. Rad1 Rf8 27. f4 Rae8 28. Rd6 Qxc3 29. Red1 Qb3 30. Rd7 g6 31. Qh4 h5 32. Qg5 Qc2 33. Qh6 Rf7 34. Rd8 Ref8 35. Qg5 Qf5 36. Qh6 h4 37. Qxh4 Rh7 38. Rxf8+ Qxf8 39. Qg4 Qf5 40. Qe2 Qh3 41. Rd8+ Kg7 42. Rd7+ 1-0

[Event "Swiss Queens Wed #25"]
[Site "FIDE Online Arena INT"]
[Date "2024.07.17"]
[Round "3"]
[White "Kuznetsova, Marina"]
[Black "Paragua, Megan Althea"]
[Result "0-1"]
[WhiteElo "2133"]
[BlackElo "2041"]
[PlyCount "72"]
[EventDate "2024.07.17"]
[EventType "swiss (blitz)"]
[EventRounds "11"]
[EventCountry "NET"]
[SourceTitle "CBM 221 Extra"]
[Source "ChessBase"]
[SourceDate "2024.09.30"]
[SourceVersion "1"]
[SourceVersionDate "2024.09.30"]
[SourceQuality "1"]

1. e4 c5 2. Nc3 e6 3. Nf3 d6 4. d4 cxd4 5. Nxd4 Nf6 6. g3 a6 7. Bg2 Be7 8. 0-0 0-0 9. Re1 Qc7 10. Be3 Bd7 11. Qd3 Nc6 12. Nxc6 Bxc6 13. a4 b6 14. Rad1 Rfd8 15. Bf4 Qb7 16. Qe2 b5 17. axb5 axb5 18. Nd5 e5 19. Nxe7+ Qxe7 20. Bg5 Ra2 21. b3 h6 22. Bxf6 Qxf6 23. Qd2 Qe6 24. Ra1 Rxa1 25. Rxa1 Ra8 26. Rxa8+ Bxa8 27. Qa5 Bc6 28. Qd8+ Kh7 29. Qc7 Qd7 30. Qxd7 Bxd7 31. Bf1 Kg8 32. b4 Kf8 33. f3 Ke7 34. Kf2 Kd8 35. Ke3 Kc7 36. c4 Kb6 0-1

[Event "Swiss Queens Wed #25"]
[Site "FIDE Online Arena INT"]
[Date "2024.07.17"]
[Round "10"]
[White "Shukhman, Anna"]
[Black "Kuznetsova, Marina"]
[Result "0-1"]
[WhiteElo "2258"]
[BlackElo "2133"]
[PlyCount "114"]
[EventDate "2024.07.17"]
[EventType "swiss (blitz)"]
[EventRounds "11"]
[EventCountry "NET"]
[SourceTitle "CBM 221 Extra"]
[Source "ChessBase"]
[SourceDate "2024.09.30"]
[SourceVersion "1"]
[SourceVersionDate "2024.09.30"]
[SourceQuality "1"]

1. e4 c6 2. d4 d5 3. e5 Bf5 4. Nf3 e6 5. Be2 Ne7 6. c3 Bg6 7. Nh4 Nf5 8. Nxg6 hxg6 9. a4 c5 10. Na3 cxd4 11. cxd4 Bb4+ 12. Kf1 Nc6 13. Nc2 Qh4 14. Bb5 Ba5 15. Ra3 0-0 16. Rh3 Qe7 17. g4 Nh4 18. Qd3 Rac8 19. Bf4 g5 20. Be3 Ng6 21. Rh5 Nb4 22. Nxb4 Qxb4 23. Bxg5 Qxb2 24. Kg2 Rc3 25. Qd1 Rfc8 26. Bd3 Qb3 27. Qxb3 Rxb3 28. Bxg6 fxg6 29. Rh3 Rxh3 30. Kxh3 Rc4 31. Be3 Rxa4 32. Kg2 Bb6 33. Rd1 a5 34. h4 Rb4 35. h5 gxh5 36. gxh5 a4 37. Kf3 Rb3 38. Rg1 Kf7 39. Ke2 Rb2+ 40. Kd3 a3 41. Kc3 Rb5 42. Ra1 Ba5+ 43. Kd3 Rb3+ 44. Kc2 Rb2+ 45. Kd3 Bb4 46. Bc1 Rb3+ 47. Kc2 Rf3 48. Be3 b5 49. Kb3 Be7 50. Rg1 b4 51. h6 gxh6 52. Ka2 Bg5 53. Bxg5 hxg5 54. Rxg5 Rxf2+ 55. Kb3 Rb2+ 56. Ka4 a2 57. Rg1 Rb1 0-1

[Event "Asia-ch U08 Girls"]
[Site "Almaty"]
[Date "2024.06.16"]
[Round "6"]
[White "Rajanya, Datta"]
[Black "Kuznetsova, Marina"]
[Result "0-1"]
[WhiteElo "1766"]
[BlackElo "2136"]
[PlyCount "82"]
[EventDate "2024.06.12"]
[EventType "swiss"]
[EventRounds "9"]
[EventCountry "KAZ"]
[SourceTitle "EXT 2025"]
[Source "ChessBase"]
[SourceDate "2024.10.14"]
[SourceVersion "1"]
[SourceVersionDate "2024.10.14"]
[SourceQuality "1"]
[WhiteTeam "IND"]
[BlackTeam "FID"]

1. e4 c6 2. d4 d5 3. f3 g6 4. e5 Bg7 5. c3 f6 6. f4 Nh6 7. Nf3 Bg4 8. Be2 Bxf3 9. Bxf3 Na6 10. Be3 Nf5 11. Bf2 fxe5 12. dxe5 e6 13. Nd2 0-0 14. Qb3 Qe7 15. h4 Bh6 16. g3 b5 17. 0-0-0 Qb7 18. Be2 Rab8 19. h5 g5 20. Nf3 gxf4 21. g4 Ng3 22. Bxg3 fxg3+ 23. g5 Bg7 24. Qc2 Rf5 25. h6 Bxe5 26. Nxe5 Rxe5 27. g6 Qe7 28. Kb1 Nc5 29. Rhf1 Rf8 30. g7 Rf6 31. Qd2 Ref5 32. Qd4 Ne4 33. Rxf5 exf5 34. Bxb5 Rxh6 35. Qe3 Rg6 36. Bf1 g2 37. Bxg2 Rxg2 38. Qf3 Nd2+ 39. Rxd2 Rxd2 40. Qg3 Qe4+ 41. Ka1 Rd1# 0-1

[Event "Titled Tuesday intern op 14th May Early"]
[Site "Chess.com INT"]
[Date "2024.05.14"]
[Round "1"]
[White "Alavkin, Arseny Nailievich"]
[Black "Kuznetsova, Marina"]
[Result "1/2-1/2"]
[WhiteElo "2368"]
[BlackElo "2140"]
[PlyCount "129"]
[EventDate "2024.05.14"]
[EventType "swiss (blitz)"]
[EventRounds "11"]
[EventCountry "USA"]
[SourceTitle "EXT 2025"]
[Source "ChessBase"]
[SourceDate "2024.10.14"]
[SourceVersion "1"]
[SourceVersionDate "2024.10.14"]
[SourceQuality "1"]

1. d4 Nf6 2. c4 e6 3. Nc3 Bb4 4. f3 d5 5. a3 Be7 6. e3 0-0 7. Bd3 dxc4 8. Bxc4 c5 9. Nge2 Nc6 10. dxc5 Qxd1+ 11. Kxd1 Bxc5 12. Kc2 a6 13. b4 Ba7 14. e4 b5 15. Bb3 Bb7 16. Bg5 Rac8 17. Kb2 h6 18. Bxf6 gxf6 19. Rac1 Ne5 20. Rhd1 Rfd8 21. Rxd8+ Rxd8 22. Rd1 Rxd1 23. Nxd1 Nd3+ 24. Kc2 Ne1+ 25. Kd2 Nxg2 26. a4 Nh4 27. Ndc3 Nxf3+ 28. Kd3 bxa4 29. Nxa4 Ne5+ 30. Kd2 Bxe4 31. Kc3 Kf8 32. Nd4 Ke7 33. Bd1 Nc6 34. Nb3 Bf2 35. Nbc5 Be1+ 36. Kc4 Bd5+ 37. Kd3 Nxb4+ 38. Ke2 Bh4 39. Nb6 a5 40. Ba4 f5 41. Nc8+ Kf6 42. Nd6 f4 43. Nd7+ Ke7 44. Nc8+ Kd8 45. Ncb6 f3+ 46. Kf1 Be4 47. Nc5 Bd3+ 48. Nxd3 Nxd3 49. Bb5 Nf4 50. Nc4 Nd5 51. Bc6 f5 52. Bxd5 exd5 53. Nxa5 Kc7 54. Nb3 Bf6 55. Kf2 Kd6 56. Kxf3 Ke5 57. Nc1 Bg5 58. Ne2 d4 59. Ng1 d3 60. Nh3 Kd4 61. Kf2 Kc3 62. Kf3 Kc2 63. Nf2 d2 64. h4 Bxh4 65. Nd3 1/2-1/2